1128 1761 1576 1641 1554 1953 1005 1312 1018 1007 1451 1703 1804 1469 1263 1664 1430 1023 1473 1551 1342 1479 1546 1526 1584 1712 1858 1587 1412 1696 1688 1066 1785 1123 1755 1284 1178 1444 1555 1288 1504 1174 1414 1021 1818 1502 1077 1623 1660 1119 1422 1511 1167 1324 1925 1863 1613 1790 1799 1854 1528 1122 1925 1468 1493 1999 1992 1515 1464 1882 1451 1818 1781 1090 1417 1197 1300 1552 1066 1810 1607 1474 1317 1758 1828 1170 1383 1342 1594 1744 1377 1958 1261 1902 1529 1887 1519 1735 1349 BCNSPRNW ULIB Ver.6.0+V

เปลี่ยนเป็นภาษาไทย

Change to English
 แสดงรายละเอียดบรรณานุกรม
  กลับหน้าหลัก

Brief Record : Get Marc (ISO 2709) : E-mail record : QR code < ปิดหน้าต่าง
LEADER : 00000nam 2200000uu 4500
001    13399108560
003     ULIB
008    110308s2543||||th 000 0 tha d
020    9747549034 (ล.2)
060 04 QV770^bว587ส ล.2 2543
245 00 สมุนไพรพื้นบ้านภาคอีสาน เล่ม2/^cรวบรวมและเรียบเรียงโดย มาลีบรรจบ ... [และคนอื่นๆ]
250    พิมพ์ครั้งที่ 1
260    [นนทบุรี] :^bสถาบันวิจัยสมุนไพร กรมวิทยาศาสตร์การแพทย์,^c2543
300    3 ล. ;^c29 ซม.
650  2 Herbs^zThailand (Northeast)
650  2 Medicine Herbal^zThailand (Northeast)
650  7 พฤกษศาสตร์^zไทย (ภาคตะวันออกเฉียงเหนือ)
650  7 ยาแผนโบราณ^zไทย (ภาคตะวันออกเฉียงเหนือ)
650  7 สมุนไพร^xการใช้รักษา^zไทย (ภาคตะวันออกเฉียงเหนือ)
700 0  มาลี บรรจบ
710 2  กรมวิทยาศาสตร์การแพทย์. ^bสถาบันวิจัยสมุนไพร
710 2  สถาบันวิจัยสมุนไพร
945    ^p0^l0^i012893
995    ทศพร
999 ^a ใช้งานได้ทุกระบบ
รายการนี้ยังไม่มีแท็ก
คุณยังไม่ได้ล็อกอิน คุณสามารถมีกิจกรรมร่วมกับเว็บไซต์ได้ แต่ต้องล็อกอินก่อน ::
  ล็อกอิน

รายการสื่อสารสนเทศ

ลำดับที่ ประเภท เลขเรียก/บาร์โค้ด สถานที่ สถานะ
- ไม่พบข้อมูล -

BibComment


ยังไม่เคยถูกคอมเมนท์

คอมเมนท์ทรัพยากรรายการนี้
  คอมเมนท์: สมุนไพรพื้นบ้านภา..


 Copyright 2026. Bcnsprnw @Library